[Event "BDO Premier"]
[Site "Haarlem NED"]
[Date "2008.08.12"]
[Round "4"]
[White "Kuipers, Stefan"]
[Black "Spraggett, Kevin"]
[Result "0-1"]
[WhiteElo "2321"]
[BlackElo "2601"]
[PlyCount "52"]
[EventDate "2008.08.09"]
[EventType "tourn"]
[EventRounds "9"]
[EventCountry "NED"]
[EventCategory "8"]
[Source "Mark Crowther"]
[SourceDate "2008.08.18"]

1. e4 Nf6 2. e5 Nd5 3. d4 d6 4. c4 Nb6 5. exd6 exd6 6. Nc3 Nc6 7. h3 Bf5 8. Be3
Be7 9. Nf3 O-O 10. Be2 Bf6 11. d5 Bxc3+ 12. bxc3 Ne7 13. O-O Re8 14. Bd4 Ng6
15. Re1 Nd7 16. Bf1 Nc5 17. Qd2 Qd7 18. Kh2 h6 19. g3 b6 20. Rxe8+ Rxe8 21. Ne1
Ne4 22. Qb2 Ng5 23. g4 Bxg4 24. hxg4 Qxg4 25. Be3 Nf4 26. Qd2 Re5 0-1

[Event "BDO Premier"]
[Site "Haarlem NED"]
[Date "2008.08.13"]
[Round "5"]
[White "Spraggett, Kevin"]
[Black "Van Vliet, Jeffrey"]
[Result "1-0"]
[WhiteElo "2601"]
[BlackElo "2296"]
[PlyCount "61"]
[EventDate "2008.08.09"]
[EventType "tourn"]
[EventRounds "9"]
[EventCountry "NED"]
[EventCategory "8"]
[Source "Mark Crowther"]
[SourceDate "2008.08.18"]

1. c4 Nf6 2. Nc3 e5 3. Nf3 Nc6 4. e4 Bc5 5. Nxe5 Nxe5 6. d4 Bb4 7. dxe5 Nxe4 8.
Qf3 Nxc3 9. bxc3 Bc5 10. Qg3 g6 11. Bh6 Bf8 12. Bxf8 Kxf8 13. Bd3 Kg7 14. O-O
d6 15. f4 f5 16. exf6+ Qxf6 17. f5 g5 18. Rae1 Rf8 19. h4 h6 20. hxg5 hxg5 21.
Re4 Bd7 22. Rg4 Rh8 23. Rxg5+ Kf8 24. Rg6 Qxc3 25. Qg5 Qd4+ 26. Rf2 Kf7 27. f6
Qxd3 28. Rg7+ Kf8 29. Rf7+ Ke8 30. Re7+ Kd8 31. f7 1-0

[Event "BDO Premier"]
[Site "Haarlem NED"]
[Date "2008.08.14"]
[Round "6"]
[White "Spraggett, Kevin"]
[Black "Rombaldoni, Axel"]
[Result "1-0"]
[WhiteElo "2601"]
[BlackElo "2374"]
[PlyCount "91"]
[EventDate "2008.08.09"]
[EventType "tourn"]
[EventRounds "9"]
[EventCountry "NED"]
[EventCategory "8"]
[Source "Mark Crowther"]
[SourceDate "2008.08.18"]

1. g3 f5 2. c4 Nf6 3. Bg2 e6 4. Nf3 Be7 5. O-O O-O 6. b3 a5 7. Bb2 Na6 8. Nc3
d5 9. d4 b6 10. Rc1 Bb7 11. cxd5 exd5 12. Ne5 c6 13. f3 c5 14. e3 Nc7 15. Rf2
Bd6 16. Bf1 Rc8 17. Nb5 Nxb5 18. Bxb5 Qe7 19. Rfc2 g5 20. Bd3 Qe6 21. Rg2 Nd7
22. f4 Nxe5 23. fxe5 Be7 24. Qf1 Rf7 25. Rf2 Rcf8 26. Qe2 Bc8 27. Rcf1 g4 28.
Bc3 h5 29. Qc2 c4 30. Be2 Bg5 31. Bd2 b5 32. bxc4 dxc4 33. e4 Bxd2 34. Qxd2 Bb7
35. a4 Bxe4 36. axb5 Rc8 37. Rc1 a4 38. Qb4 Bd5 39. Qxa4 h4 40. Qa6 hxg3 41.
hxg3 Rc6 42. bxc6 Qh6 43. Rh2 Qe3+ 44. Kf1 Qxc1+ 45. Kf2 Qd2 46. Qc8+ 1-0

[Event "BDO Premier"]
[Site "Haarlem NED"]
[Date "2008.08.15"]
[Round "7"]
[White "Peng, Zhaoqin"]
[Black "Spraggett, Kevin"]
[Result "1/2-1/2"]
[WhiteElo "2462"]
[BlackElo "2601"]
[PlyCount "24"]
[EventDate "2008.08.09"]
[EventType "tourn"]
[EventRounds "9"]
[EventCountry "NED"]
[EventCategory "8"]
[Source "Mark Crowther"]
[SourceDate "2008.08.18"]

1. d4 Nf6 2. c4 e6 3. Nf3 c5 4. e3 a6 5. Be2 d5 6. cxd5 exd5 7. O-O Nc6 8. b3
Bd6 9. dxc5 Bxc5 10. Ba3 Bxa3 11. Nxa3 O-O 12. Nc2 Ne4 1/2-1/2

[Event "BDO Premier"]
[Site "Haarlem NED"]
[Date "2008.08.17"]
[Round "9"]
[White "Janssen, Ruud"]
[Black "Spraggett, Kevin"]
[Result "1/2-1/2"]
[WhiteElo "2503"]
[BlackElo "2601"]
[PlyCount "63"]
[EventDate "2008.08.09"]
[EventType "tourn"]
[EventRounds "9"]
[EventCountry "NED"]
[EventCategory "8"]
[Source "Mark Crowther"]
[SourceDate "2008.08.18"]

1. d4 Nf6 2. c4 e6 3. Nf3 c5 4. d5 exd5 5. cxd5 d6 6. Nc3 g6 7. h3 Bg7 8. e4
O-O 9. Bg5 a6 10. a4 Re8 11. Bd3 Nbd7 12. O-O Qc7 13. Re1 Rb8 14. Bc4 Nh5 15.
Qd2 Ne5 16. Be2 Nf6 17. Nxe5 Rxe5 18. Bc4 Nd7 19. Bh6 Bxh6 20. Qxh6 Nf6 21. g4
Qd7 22. f4 Rh5 23. gxh5 Qxh3 24. Qg5 Ng4 25. Qd8+ Kg7 26. h6+ Kxh6 27. Re2 Qg3+
28. Rg2 Qe3+ 29. Kh1 Qh3+ 30. Kg1 Qe3+ 31. Kh1 Qh3+ 32. Kg1 1/2-1/2

[Event "POR-Tch"]
[Site "Evora POR"]
[Date "2008.07.26"]
[Round "1"]
[White "Ftacnik, Lubomir"]
[Black "Spraggett, Kevin"]
[Result "1/2-1/2"]
[WhiteElo "2544"]
[BlackElo "2601"]
[PlyCount "37"]
[EventDate "2008.07.26"]
[EventType "team"]
[EventRounds "9"]
[EventCountry "POR"]
[Source "ChessBase"]
[SourceDate "2008.11.26"]

1. Nf3 Nf6 2. c4 c5 3. Nc3 e6 4. g3 b6 5. Bg2 Bb7 6. O-O Be7 7. d4 cxd4 8. Qxd4
O-O 9. Rd1 Nc6 10. Qf4 d6 11. b3 Qb8 12. Bb2 a6 13. Rac1 Rd8 14. Ng5 h6 15.
Nge4 Ne8 16. g4 Ne5 17. a4 Ng6 18. Qg3 Rd7 19. g5 1/2-1/2

[Event "POR-Tch"]
[Site "Evora POR"]
[Date "2008.07.27"]
[Round "2"]
[White "Zawadzki, Stanislaw"]
[Black "Spraggett, Kevin"]
[Result "1-0"]
[WhiteElo "2410"]
[BlackElo "2601"]
[PlyCount "99"]
[EventDate "2008.07.26"]
[EventType "team"]
[EventRounds "9"]
[EventCountry "POR"]
[Source "ChessBase"]
[SourceDate "2008.11.26"]

1. e4 Nf6 2. e5 Nd5 3. d4 d6 4. c4 Nb6 5. exd6 cxd6 6. Nc3 g6 7. Be3 Bg7 8. Rc1
O-O 9. b3 Nc6 10. d5 Ne5 11. h3 Re8 12. Nge2 Rf8 13. Ng1 Re8 14. Nge2 Nexc4 15.
bxc4 Nxc4 16. Qb3 Nxe3 17. fxe3 e6 18. g3 Bh6 19. Nf4 a6 20. Be2 b5 21. dxe6
Bxe6 22. Nxe6 fxe6 23. Ne4 d5 24. Nf2 Qd6 25. Rg1 Rac8 26. Rxc8 Rxc8 27. Bg4
Qe5 28. Nd1 Bg7 29. Qa3 h5 30. Qxa6 Re8 31. Qxb5 Rf8 32. Be2 Kh7 33. a4 Rb8 34.
Qc5 Bf8 35. Qa7+ Kh6 36. Bd3 Bb4+ 37. Ke2 Rf8 38. Qd4 Qd6 39. Rf1 e5 40. Qb2
Ba3 41. Qb3 Rb8 42. Bb5 Bc5 43. Nc3 Rd8 44. Rd1 d4 45. Ne4 Qe7 46. Rf1 Kg7 47.
h4 dxe3 48. Bd3 Qd7 49. Nxc5 Qg4+ 50. Rf3 1-0

[Event "POR-Tch"]
[Site "Evora POR"]
[Date "2008.07.28"]
[Round "3"]
[White "Spraggett, Kevin"]
[Black "Pereira, Ruben Miguel"]
[Result "1-0"]
[WhiteElo "2601"]
[BlackElo "2418"]
[PlyCount "83"]
[EventDate "2008.07.26"]
[EventType "team"]
[EventRounds "9"]
[EventCountry "POR"]
[Source "ChessBase"]
[SourceDate "2008.11.26"]

1. e4 c5 2. Nf3 d6 3. c3 Nf6 4. h3 g6 5. Bd3 Bg7 6. O-O O-O 7. Re1 b6 8. Bc2
Nc6 9. d3 h6 10. a3 e5 11. b4 a6 12. Nbd2 Bb7 13. Rb1 Qc7 14. bxc5 dxc5 15. Nc4
b5 16. Ne3 Rfd8 17. Qe2 Na5 18. Nd2 Bc8 19. Bb2 Be6 20. c4 Nc6 21. Nd5 Qa7 22.
Nf3 Nd7 23. a4 b4 24. Nd2 a5 25. Rf1 Re8 26. Rbe1 Nb6 27. Kh1 Rab8 28. Qd1 Qd7
29. f4 Nd4 30. Bxd4 exd4 31. Nxb6 Rxb6 32. f5 Bxf5 33. exf5 Rxe1 34. Rxe1 Qxf5
35. Nb3 Be5 36. Qf3 Qg5 37. Qg4 Qf6 38. Nxc5 h5 39. Qf3 Qd6 40. Ne4 Qd8 41. Bb3
Bb8 42. c5 1-0

[Event "POR-Tch"]
[Site "Evora POR"]
[Date "2008.07.29"]
[Round "4"]
[White "Barrero Garcia, Carlos"]
[Black "Spraggett, Kevin"]
[Result "1/2-1/2"]
[WhiteElo "2339"]
[BlackElo "2601"]
[PlyCount "48"]
[EventDate "2008.07.26"]
[EventType "team"]
[EventRounds "9"]
[EventCountry "POR"]
[Source "ChessBase"]
[SourceDate "2008.11.26"]

1. d4 Nf6 2. c4 e6 3. Nc3 Bb4 4. Qc2 Nc6 5. Nf3 d6 6. e4 e5 7. d5 Bxc3+ 8. Qxc3
Ne7 9. Nd2 O-O 10. g3 Ne8 11. f4 exf4 12. gxf4 Ng6 13. f5 Qh4+ 14. Qg3 Qxg3+
15. hxg3 Ne5 16. Be2 Nf6 17. b3 Re8 18. Bb2 Bd7 19. O-O-O h6 20. Kb1 c5 21. Rh4
Nh7 22. Kc2 f6 23. Bc3 Ng5 24. Rb1 b6 1/2-1/2

[Event "POR-Tch"]
[Site "Evora POR"]
[Date "2008.07.30"]
[Round "5"]
[White "Spraggett, Kevin"]
[Black "Andrade, Leonardo"]
[Result "1-0"]
[WhiteElo "2601"]
[BlackElo "2263"]
[PlyCount "59"]
[EventDate "2008.07.26"]
[EventType "team"]
[EventRounds "9"]
[EventCountry "POR"]
[Source "ChessBase"]
[SourceDate "2008.11.26"]

1. Nf3 Nf6 2. c4 g6 3. b3 Bg7 4. Bb2 O-O 5. g3 d6 6. Bg2 c5 7. O-O Nc6 8. d3
Rb8 9. Nc3 a6 10. Qd2 b5 11. Rfd1 Qc7 12. Rac1 Bd7 13. Nd5 Nxd5 14. Bxg7 Kxg7
15. cxd5 Nd8 16. h4 Bg4 17. Nh2 Qd7 18. d4 Nb7 19. dxc5 dxc5 20. b4 Bh3 21.
bxc5 Bxg2 22. Kxg2 Qc7 23. e4 Rbc8 24. c6 Nd6 25. Qd4+ f6 26. Nf3 h6 27. a4 Rb8
28. axb5 Rxb5 29. Qe3 Rfb8 30. Nd4 1-0

[Event "POR-Tch"]
[Site "Evora POR"]
[Date "2008.07.31"]
[Round "6"]
[White "Garrido Dominguez, Jesus"]
[Black "Spraggett, Kevin"]
[Result "0-1"]
[WhiteElo "2324"]
[BlackElo "2601"]
[PlyCount "92"]
[EventDate "2008.07.26"]
[EventType "team"]
[EventRounds "9"]
[EventCountry "POR"]
[Source "ChessBase"]
[SourceDate "2008.11.26"]

1. e4 Nf6 2. e5 Nd5 3. d4 d6 4. c4 Nb6 5. exd6 exd6 6. Nf3 Nc6 7. Be2 Be7 8.
O-O O-O 9. h3 Bf6 10. Nc3 Bf5 11. d5 Nb4 12. a3 Bxc3 13. bxc3 Na6 14. Nd4 Bd7
15. a4 Nc5 16. a5 Nc8 17. Be3 Re8 18. Bd3 Ne7 19. Nf3 Ng6 20. Bxg6 hxg6 21. Bd4
b6 22. g4 Nb7 23. axb6 cxb6 24. Re1 Rxe1+ 25. Qxe1 Na5 26. Nd2 Qc7 27. Qe7 Re8
28. Qh4 Bc8 29. Nf3 f6 30. g5 f5 31. Nd2 Ba6 32. Be3 Rc8 33. Ra4 Bxc4 34. Nxc4
Nxc4 35. Bd4 Nd2 36. Qf4 Ne4 37. h4 Qd7 38. Ra1 Re8 39. Re1 Re7 40. h5 Nxg5 41.
Rxe7 Qxe7 42. Kh2 Kf7 43. Be3 Qe5 44. Bd4 Qe7 45. c4 Ne4 46. f3 Ng5 0-1

[Event "POR-Tch"]
[Site "Evora POR"]
[Date "2008.08.01"]
[Round "7"]
[White "Spraggett, Kevin"]
[Black "Rocha, Sergio"]
[Result "1-0"]
[WhiteElo "2601"]
[BlackElo "2421"]
[PlyCount "147"]
[EventDate "2008.07.26"]
[EventType "team"]
[EventRounds "9"]
[EventCountry "POR"]
[Source "ChessBase"]
[SourceDate "2008.11.26"]

1. e4 e6 2. d4 d5 3. Nc3 Bb4 4. e5 Ne7 5. a3 Bxc3+ 6. bxc3 b6 7. Qg4 Ng6 8. Bd3
Ba6 9. Nf3 Bxd3 10. cxd3 Nc6 11. O-O Nce7 12. a4 Qd7 13. Qh5 a5 14. Re1 c5 15.
Bd2 c4 16. dxc4 dxc4 17. Ng5 Nd5 18. g3 Rc8 19. Reb1 Kf8 20. Rb5 Kg8 21. Rab1
Rc6 22. Qf3 h6 23. Ne4 Nge7 24. Bc1 Nf5 25. Ba3 Qd8 26. h4 h5 27. Bc1 Qd7 28.
Bg5 Qc8 29. Kg2 Qd7 30. Bc1 Qc8 31. Ba3 Qd7 32. Kg1 Rh6 33. Ng5 Rc8 34. Kh2 Qc6
35. Bc1 Qd7 36. Bd2 Qc6 37. Nh3 Rh8 38. Bg5 Qd7 39. Nf4 Nxf4 40. Qxf4 Kh7 41.
Qf3 Kg6 42. Qe4 Kh7 43. Qe2 Kg6 44. Qc2 Rc6 45. Rxb6 Rxb6 46. Rxb6 Qd5 47. Rb5
Qf3 48. Rxa5 Rb8 49. Rb5 Ra8 50. Rb4 Rc8 51. Bf4 Rc6 52. Kg1 Kh7 53. Rb7 Kg6
54. Rb1 Ra6 55. Rb8 Kh7 56. Bg5 Kg6 57. Rc8 Rb6 58. Rxc4 Qb7 59. Bc1 Rb1 60.
Rb4 Rxb4 61. cxb4 Qxb4 62. Bb2 Kh6 63. d5 exd5 64. Qxf5 Qxb2 65. Qxf7 d4 66. e6
d3 67. Qf4+ Kh7 68. Qe4+ Kh6 69. e7 d2 70. Qe3+ Kh7 71. Qd3+ g6 72. e8=Q Qa1+
73. Kg2 d1=Q 74. Qdxg6# 1-0

[Event "POR-Tch"]
[Site "Evora POR"]
[Date "2008.08.02"]
[Round "8"]
[White "Lima, Darcy"]
[Black "Spraggett, Kevin"]
[Result "1/2-1/2"]
[WhiteElo "2487"]
[BlackElo "2601"]
[PlyCount "37"]
[EventDate "2008.07.26"]
[EventType "team"]
[EventRounds "9"]
[EventCountry "POR"]
[Source "ChessBase"]
[SourceDate "2008.11.26"]

1. e4 c6 2. d4 d5 3. Nc3 dxe4 4. Nxe4 Nf6 5. Nxf6+ exf6 6. c3 Bd6 7. Bd3 O-O 8.
Qc2 Kh8 9. Ne2 Re8 10. Bxh7 g6 11. Bxg6 fxg6 12. Qxg6 Qe7 13. Qh6+ Kg8 14. Qg6+
Kh8 15. O-O Be6 16. Qh5+ Kg8 17. Qg6+ Kh8 18. Qh5+ Kg8 19. Qg6+ 1/2-1/2

[Event "Benasque op"]
[Site "Benasque ESP"]
[Date "2008.07.03"]
[Round "1.4"]
[White "Spraggett, Kevin"]
[Black "Schmitz, Manuela"]
[Result "1-0"]
[WhiteElo "2601"]
[BlackElo "2012"]
[PlyCount "99"]
[EventDate "2008.07.03"]
[EventType "swiss"]
[EventRounds "10"]
[EventCountry "ESP"]

1. Nf3 Nf6 2. c4 e6 3. g3 Be7 4. Bg2 O-O 5. O-O d6 6. d4 Nbd7 7. Nc3 e5 8. e4
Re8 9. h3 c6 10. Be3 Qc7 11. Re1 Nf8 12. Rc1 Bd7 13. b4 Rad8 14. Qb3 Ng6 15. d5
cxd5 16. cxd5 Qb8 17. Nd2 Rc8 18. Bf1 Rc7 19. b5 b6 20. a4 Rec8 21. Kh2 Be8 22.
Rc2 Nd7 23. Rec1 Nc5 24. Qa3 Nb7 25. Qb2 Nc5 26. Nb3 Nxb3 27. Qxb3 Nf8 28. h4
Bd7 29. Na2 f5 30. Nb4 Rxc2 31. Rxc2 Rxc2 32. Qxc2 f4 33. Nc6 Qe8 34. Bd2 Bxh4
35. gxh4 Qh5 36. Qc3 Qxh4+ 37. Kg1 Qg5+ 38. Bg2 Ng6 39. Kf1 Nh4 40. Bh3 Bg4 41.
Ne7+ Kf7 42. Nf5 Nxf5 43. exf5 Bxf5 44. Qc7+ Kg8 45. Bxf5 Qxf5 46. Qxd6 Qd3+
47. Kg2 Qe4+ 48. Kg1 f3 49. Qe6+ Kf8 50. d6 1-0

[Event "Benasque op"]
[Site "Benasque ESP"]
[Date "2008.07.04"]
[Round "2.5"]
[White "Kludacz, Magdalena"]
[Black "Spraggett, Kevin"]
[Result "0-1"]
[WhiteElo "2218"]
[BlackElo "2601"]
[PlyCount "76"]
[EventDate "2008.07.03"]
[EventType "swiss"]
[EventRounds "10"]
[EventCountry "ESP"]

1. d4 Nf6 2. c4 e6 3. Nf3 c5 4. d5 exd5 5. cxd5 d6 6. Nc3 g6 7. h3 Bg7 8. e4
O-O 9. Bd3 a6 10. a4 Nh5 11. O-O Nd7 12. Bg5 Bf6 13. Bxf6 Qxf6 14. Re1 Ne5 15.
Nxe5 Qxe5 16. Be2 Nf6 17. Bg4 Bxg4 18. hxg4 Qg5 19. f3 h5 20. gxh5 Nxh5 21. Ne2
Qe3+ 22. Kf1 f5 23. Ra3 Qg5 24. exf5 Rxf5 25. Rd3 Raf8 26. Qd2 Rxf3+ 27. gxf3
Rxf3+ 28. Rxf3 Qxd2 29. Kf2 Qxb2 30. Rg1 Kg7 31. Re3 b5 32. axb5 axb5 33. Re7+
Kh6 34. Re4 Qc2 35. Reg4 b4 36. Ke3 Nf6 37. Rg5 Qe4+ 38. Kf2 Qh4+ 0-1

[Event "Benasque op"]
[Site "Benasque ESP"]
[Date "2008.07.07"]
[Round "5.6"]
[White "Spraggett, Kevin"]
[Black "Ramesh, Ramachandran B"]
[Result "1-0"]
[WhiteElo "2601"]
[BlackElo "2478"]
[PlyCount "151"]
[EventDate "2008.07.03"]
[EventType "swiss"]
[EventRounds "10"]
[EventCountry "ESP"]

1. Nf3 Nf6 2. c4 c5 3. g3 Nc6 4. Nc3 e5 5. Bg2 g6 6. d3 Bg7 7. Bg5 d6 8. O-O h6
9. Bxf6 Bxf6 10. a3 O-O 11. Rb1 a5 12. Ne1 Bg7 13. Nc2 a4 14. Ne3 Qa5 15. Ned5
Be6 16. Nb5 Bxd5 17. Bxd5 Qd8 18. Nc3 Qa5 19. h4 Kh8 20. e3 f5 21. Kg2 Ra6 22.
Qc2 h5 23. Bf3 Rfa8 24. Nb5 Qd8 25. Qe2 Qd7 26. Rg1 Rf8 27. Nc3 Na5 28. Bd5 Nb3
29. Rbd1 Raa8 30. Qf3 Na5 31. Kh2 Rae8 32. Qg2 Rb8 33. Qh3 Qe8 34. Rd2 Nb3 35.
Re2 Na5 36. f3 Nb3 37. Kh1 Qd7 38. g4 f4 39. Be4 fxe3 40. Rxe3 Bh6 41. Re2 Nd4
42. Rh2 Be3 43. Re1 Bf4 44. Rg2 Rf6 45. Nd5 Rbf8 46. Nxf6 Rxf6 47. Rf1 b6 48.
Bd5 Kg7 49. Re1 Kf8 50. Rf2 Ke8 51. Kg2 Kd8 52. Be4 Ne6 53. Bd5 Nd4 54. Be4 Ne6
55. Kh1 Ng7 56. Qg2 Kc7 57. g5 Re6 58. b3 axb3 59. Rb2 Re8 60. Bxg6 d5 61. Rxb3
Re6 62. Bh7 dxc4 63. dxc4 Rd6 64. Rb2 Rd4 65. Be4 Rxc4 66. Qf1 Rd4 67. Reb1 Rd6
68. Kg2 Kd8 69. Qb5 Qc7 70. a4 c4 71. a5 Be3 72. axb6 Bxb6 73. Qxe5 c3 74. Ra2
Ne6 75. Ra8+ Kd7 76. Qb5+ 1-0

[Event "Benasque op"]
[Site "Benasque ESP"]
[Date "2008.07.11"]
[Round "9.4"]
[White "Spraggett, Kevin"]
[Black "Alsina Leal, Daniel"]
[Result "1-0"]
[WhiteElo "2601"]
[BlackElo "2517"]
[PlyCount "115"]
[EventDate "2008.07.03"]
[EventType "swiss"]
[EventRounds "10"]
[EventCountry "ESP"]

1. Nf3 d5 2. d4 Nf6 3. c4 c6 4. Nc3 e6 5. Bg5 h6 6. Bxf6 Qxf6 7. e3 Nd7 8. Bd3
dxc4 9. Bxc4 g6 10. O-O Bg7 11. Rc1 O-O 12. Bb3 Qe7 13. Na4 Kh7 14. h3 Rd8 15.
Qc2 e5 16. Rfe1 e4 17. Nd2 f5 18. f3 exf3 19. Nxf3 Nf6 20. Nc5 b6 21. Nd3 Bd7
22. Nde5 c5 23. dxc5 Rac8 24. c6 Be8 25. Qc4 Rd6 26. Red1 Rdxc6 27. Nxc6 Qxe3+
28. Kh1 Rxc6 29. Rc3 Qxc3 30. Qxc3 Rxc3 31. bxc3 Ne4 32. Rd8 Nf6 33. Nd4 Bd7
34. Be6 Be8 35. Ra8 h5 36. Rxa7 Ne4 37. Re7 Nd6 38. Bd5 Kh6 39. Nxf5+ Nxf5 40.
Rxe8 Bxc3 41. g4 hxg4 42. hxg4 Nd6 43. Re6 Bb4 44. Be4 Nxe4 45. Rxe4 Bc5 46. a4
Kg7 47. Re6 Kh6 48. Kg2 Bd4 49. Kf3 Kg5 50. Rd6 Bg1 51. Rd1 Bh2 52. Rd5+ Kh4
53. Rd2 Bg3 54. Rd7 Be5 55. Re7 Bd4 56. Kf4 Kh3 57. Rh7+ Kg2 58. Rh6 1-0

[Event "Benasque op"]
[Site "Benasque ESP"]
[Date "2008.07.12"]
[Round "10.1"]
[White "Spraggett, Kevin"]
[Black "Ubilava, Elizbar"]
[Result "1/2-1/2"]
[WhiteElo "2601"]
[BlackElo "2525"]
[PlyCount "63"]
[EventDate "2008.07.03"]
[EventType "swiss"]
[EventRounds "10"]
[EventCountry "ESP"]

1. e4 e5 2. Nf3 Nc6 3. Bb5 a6 4. Ba4 Nf6 5. d3 b5 6. Bb3 Bc5 7. a4 Rb8 8. axb5
axb5 9. O-O d6 10. c3 O-O 11. Bg5 h6 12. Bh4 g5 13. Bg3 Bg4 14. Nbd2 Nh5 15.
Re1 Nxg3 16. hxg3 Kg7 17. Nf1 Qf6 18. Ne3 Bxe3 19. Rxe3 Rb6 20. Qc2 Bxf3 21.
Rxf3 Qe7 22. Rd1 Nb8 23. d4 Nd7 24. Ra1 Nf6 25. Re1 Rfb8 26. Qd1 b4 27. Bc2
bxc3 28. bxc3 Ra8 29. Bd3 Rb2 30. Qc1 Rba2 31. Rf5 Qe6 32. d5 1/2-1/2

[Event "Narciso Yepes mem"]
[Site "Lorca ESP"]
[Date "2008.06.24"]
[Round "1.3"]
[White "Spraggett, Kevin"]
[Black "Guadamuro Torrente, Anabel"]
[Result "1-0"]
[WhiteElo "2604"]
[BlackElo "2137"]
[PlyCount "79"]
[EventDate "2008.06.25"]
[EventType "swiss"]
[EventRounds "9"]
[EventCountry "ESP"]

1. Nf3 d5 2. g3 Bg4 3. Bg2 c6 4. b3 Nd7 5. Bb2 Ngf6 6. O-O e6 7. c4 Bd6 8. Na3
O-O 9. d3 Re8 10. Nc2 e5 11. cxd5 Nxd5 12. Qd2 a5 13. e4 Nb4 14. Ne3 Bxf3 15.
Bxf3 Nc5 16. Be2 Bf8 17. Rfd1 Qg5 18. Qc3 f6 19. Nf5 Qg6 20. Bc1 Ne6 21. Be3 c5
22. Rdc1 Nc6 23. Kh1 Ncd4 24. Bxd4 Nxd4 25. Nxd4 cxd4 26. Qc4+ Qf7 27. Qb5 Qe7
28. Rc4 Reb8 29. Bg4 b6 30. Rac1 Qd8 31. Rc6 Bc5 32. f4 exf4 33. gxf4 Ra7 34.
a3 Rc7 35. Re6 Re7 36. b4 axb4 37. axb4 Bd6 38. e5 fxe5 39. fxe5 Bc7 40. Rxe7
1-0

[Event "Narciso Yepes mem"]
[Site "Lorca ESP"]
[Date "2008.06.24"]
[Round "2.3"]
[White "Perez, Rodney"]
[Black "Spraggett, Kevin"]
[Result "1/2-1/2"]
[WhiteElo "2432"]
[BlackElo "2591"]
[PlyCount "62"]
[EventDate "2008.06.25"]
[EventType "swiss"]
[EventRounds "9"]
[EventCountry "ESP"]

1. e4 Nf6 2. Nc3 d5 3. e5 Nfd7 4. f4 e6 5. Nf3 c5 6. g3 Nc6 7. Bh3 Be7 8. d3 b5
9. O-O b4 10. Ne2 O-O 11. Qe1 a5 12. g4 Ra6 13. Qg3 Qc7 14. g5 a4 15. a3 bxa3
16. bxa3 Rb6 17. Bg4 Re8 18. h4 Bf8 19. Qh3 g6 20. h5 Bg7 21. hxg6 hxg6 22. Rf2
Ne7 23. Nh2 Nf5 24. Bf3 Kf8 25. Ng4 Ke7 26. Rh2 Bb7 27. Nf6 Bxf6 28. gxf6+ Kd8
29. Bd2 Rb2 30. Rc1 Kc8 31. Qg2 Kb8 1/2-1/2

[Event "Narciso Yepes mem"]
[Site "Lorca ESP"]
[Date "2008.06.25"]
[Round "3.6"]
[White "Spraggett, Kevin"]
[Black "Aloma Vidal, Roberto"]
[Result "1/2-1/2"]
[WhiteElo "2591"]
[BlackElo "2393"]
[PlyCount "76"]
[EventDate "2008.06.25"]
[EventType "swiss"]
[EventRounds "9"]
[EventCountry "ESP"]

1. Nf3 Nf6 2. g3 g6 3. b3 Bg7 4. Bb2 O-O 5. Bg2 d5 6. c4 c6 7. O-O a5 8. d3
Nbd7 9. Nbd2 Re8 10. d4 b5 11. Qc2 Ba6 12. c5 b4 13. Rfe1 Bb5 14. a4 Ba6 15.
Rad1 Qc7 16. e4 dxe4 17. Nxe4 Nd5 18. h4 Rad8 19. h5 Bc8 20. hxg6 hxg6 21. Neg5
Nf8 22. Re2 Bh6 23. Rde1 Bf5 24. Qc4 Nh7 25. Nxh7 Kxh7 26. Ne5 Kg8 27. Bf3 Qc8
28. Kg2 Bg7 29. Rh1 f6 30. Nd3 e5 31. Rhe1 Kf8 32. Nc1 e4 33. Bxe4 Nf4+ 34.
gxf4 Bxe4+ 35. Rxe4 Qg4+ 36. Kf1 Qh3+ 37. Kg1 Qg4+ 38. Kf1 Qh3+ 1/2-1/2

[Event "Narciso Yepes mem"]
[Site "Lorca ESP"]
[Date "2008.06.25"]
[Round "4.5"]
[White "Pogorelov, Ruslan"]
[Black "Spraggett, Kevin"]
[Result "1-0"]
[WhiteElo "2423"]
[BlackElo "2591"]
[PlyCount "78"]
[EventDate "2008.06.25"]
[EventType "swiss"]
[EventRounds "9"]
[EventCountry "ESP"]

1. Nf3 Nf6 2. c4 e6 3. Nc3 c5 4. g3 b6 5. Bg2 Bb7 6. O-O Be7 7. d3 d5 8. cxd5
exd5 9. d4 O-O 10. Bf4 Na6 11. Rc1 Qc8 12. Qc2 Rd8 13. Qb1 h6 14. Nh4 Qe6 15.
Nf5 Bf8 16. h3 Rd7 17. Rfd1 Rad8 18. h4 g6 19. Nxh6+ Kh7 20. g4 Bxh6 21. Bxh6
Kxh6 22. g5+ Kg7 23. gxf6+ Qxf6 24. h5 cxd4 25. Nb5 Nc5 26. Nxd4 Ne4 27. f3 Ng3
28. hxg6 Rh8 29. Qd3 Rh6 30. Rc2 Rxg6 31. Rdc1 Ba6 32. Qd2 Kg8 33. e3 Qg5 34.
Qf2 Qh4 35. Rc6 Rg7 36. Qc2 Rh7 37. Nf5 Qh2+ 38. Kf2 Nxf5 39. Qxf5 Qh4+ 1-0

[Event "Narciso Yepes mem"]
[Site "Lorca ESP"]
[Date "2008.06.26"]
[Round "5.10"]
[White "Valmana Canto, Jaime"]
[Black "Spraggett, Kevin"]
[Result "0-1"]
[WhiteElo "2389"]
[BlackElo "2591"]
[PlyCount "86"]
[EventDate "2008.06.25"]
[EventType "swiss"]
[EventRounds "9"]
[EventCountry "ESP"]

1. e4 Nf6 2. Nc3 d5 3. e5 Nfd7 4. e6 fxe6 5. d4 c5 6. dxc5 Nc6 7. Nf3 g6 8. h4
Bg7 9. h5 Nxc5 10. hxg6 hxg6 11. Rxh8+ Bxh8 12. Bd3 Kd7 13. Kf1 Qa5 14. Bxg6
Bxc3 15. bxc3 Qxc3 16. Rb1 b6 17. Bb2 Ba6+ 18. Kg1 Qc4 19. Bd4 Rg8 20. Bh7 Rf8
21. c3 Qe2 22. Qxe2 Bxe2 23. Ng5 Bd3 24. Bxd3 Nxd3 25. Rd1 Nb2 26. Re1 e5 27.
Be3 Nc4 28. Bc1 e6 29. f3 b5 30. g4 b4 31. cxb4 Nxb4 32. a3 Nc2 33. Rd1 Rb8 34.
Nh7 Ke7 35. Kf2 Nd4 36. g5 Kf7 37. f4 Nf5 38. Nf6 e4 39. Rh1 Kg6 40. Nd7 Rb1
41. Nc5 Ra1 42. Nxe6 Ra2+ 43. Ke1 Rc2 0-1

[Event "Narciso Yepes mem"]
[Site "Lorca ESP"]
[Date "2008.06.25"]
[Round "6.5"]
[White "Spraggett, Kevin"]
[Black "Plaskett, Jim"]
[Result "1-0"]
[WhiteElo "2591"]
[BlackElo "2494"]
[PlyCount "118"]
[EventDate "2008.06.25"]
[EventType "swiss"]
[EventRounds "9"]
[EventCountry "ESP"]

1. e4 d6 2. d4 g6 3. Nc3 Bg7 4. f4 Nc6 5. Bb5 Bd7 6. Nf3 e6 7. Be3 Nf6 8. O-O
Ng4 9. Bc1 a6 10. Be2 Ne7 11. h3 Nf6 12. e5 Nfd5 13. Nxd5 Nxd5 14. c3 Bc6 15.
Bd3 Bh6 16. g3 Qd7 17. Qe2 O-O-O 18. Bd2 Ne7 19. Rad1 Nf5 20. Kh2 Bg7 21. Rfe1
h6 22. Bc4 g5 23. Bc1 gxf4 24. Bxf4 Ne7 25. Bd3 Rhg8 26. Be4 Ng6 27. Rd2 Nxf4
28. gxf4 h5 29. Rg1 Bh6 30. Ng5 Bxe4 31. Qxe4 dxe5 32. Qxe5 Rg6 33. Rdg2 Qe7
34. h4 Rf6 35. Re2 Rg6 36. f5 Rf6 37. fxe6 fxe6 38. Rgg2 Kb8 39. Rgf2 Rg6 40.
Rf7 Qd6 41. Qxd6 Rxd6 42. Rg2 Rb6 43. b3 Rc6 44. Ne4 e5 45. dxe5 Rge6 46. Rf5
Rxe5 47. Rxe5 Bf4+ 48. Kh3 Bxe5 49. Rg5 Bxc3 50. Rxh5 Be1 51. Re5 Bxh4 52. Kxh4
Rc2 53. a4 b6 54. Rd5 Kb7 55. Kg4 Kc6 56. Rd3 b5 57. a5 b4 58. Kf4 Kb5 59. Ke5
c5 1-0